| 000 | 01250 a2200169 4500 | ||
|---|---|---|---|
| 003 | Nust | ||
| 005 | 20221216193427.0 | ||
| 040 | _cNust | ||
| 082 | _a621.3824,CUN | ||
| 100 |
_aJohn E. Cunnigham _9105145 |
||
| 245 |
_aThe complete broadcast antenna handbook: _bdesign, installation, operation & maintenance / |
||
| 260 |
_aLondon _bTab Books _c1953 |
||
| 300 | _a448 p. | ||
| 505 | _aBasic Principles (Page-11), Principles of Transmission Lines (Page-56), Radiation and Propagation (Page-94), Smith Charts (Page-117), Standard Broadcast Antennas (Page-150), Vertical Antennas (Page-166), Introduction to Directional Antennas (Page-193), Complex Directional-Antenna Arrays (Page-217), Direction Antenna Impedances (Page-233), Impedance Transformation and Phase Shifting (Page-247), Feeder Systems for Standard Broadcast Antennas (Page-286), Ground System (Page-308), Antenna Instrumentation and Measurements (Page-318), AM Field Intensity Measurements (Page-346), Parasitic Reradiating (Page-368), AM Antenna Maintenance (Page-380), FM and TV Antennas (Page-400), FM and TV Antenna Feeder Systems (Page-416), FM and TV Antenna Measurements (Page-432), Lightning Protection (Page-442). | ||
| 650 | _aTelecommunication engineering | ||
| 942 |
_2ddc _cBK |
||
| 999 |
_c182916 _d182916 |
||